| 000 | 00621nam a2200229Ia 4500 | ||
|---|---|---|---|
| 005 | 20250425161736.0 | ||
| 008 | 250425s9999 xx 000 0 und d | ||
| 020 | _a9978840109 | ||
| 041 | _aspa | ||
| 043 | _aec | ||
| 082 | _a986.6 | ||
| 100 | _aAYALA MORA, ENRIQUE | ||
| 245 | 0 | _aNUEVA HISTORIA DEL ECUADOR: VOLUMEN 8. EPOCA REPUBLICANA II: PERSPECTIVA GENERAL DEL SIGLO XIX | |
| 250 | _a1A ED. | ||
| 260 |
_aEcuador _bCORPORACION EDITORA NACIONAL _c1990 |
||
| 260 | _aQUITO | ||
| 300 | _a198 | ||
| 650 | _aECUADOR-HISTORIA | ||
| 650 | _aECUADOR-REPUBLICA INDEPENDIENTE | ||
| 942 | _c01 | ||
| 010 | _a27082 | ||
| 999 |
_c215180 _d215180 |
||